000 00569nam a2200229Ia 4500
003 OSt
005 20221006163906.0
006 a|||||r|||| 00| 0
007 ta
008 221006b |||||||| |||| 00| 0 eng d
024 _a3,243
037 _cTextual
040 _aFML
_cFML
_beng
041 _2eng
_aeng
082 _aV2974, K0
100 _aTucci Giuseppe Au.
_9676121
245 0 _aNepal
260 _aLondon
_bAllen & Unwin
_c1960
300 _a96
_ccm.
942 _hV2974, K0
_cTEXL
_2CC
999 _c1115644
_d1115644